|
|
|
|
| LEADER |
00761nam a2200205 a 4500 |
| 001 |
GR-Patra5115 |
| 008 |
991022s1994 gr e 000 b eng d |
| 020 |
|
|
|a 1565298934
|
| 040 |
|
|
|a GrPaTEI
|b gre
|c GR-PaULI
|
| 082 |
|
0 |
|a 004.6
|
| 100 |
1 |
|
|a Kee, Eddie
|
| 245 |
1 |
0 |
|a Networking illustrated :
|b хthe иfull-color guide to how it all works /
|c Eddie Kee.
|
| 260 |
|
|
|a Indianapolis :
|b QUE,
|c c1994
|
| 300 |
|
|
|a xi, 213σ. :
|b εικ., πίν.
|
| 650 |
|
0 |
|a Computer networks
|
| 710 |
0 |
|
|a QUE
|
| 942 |
|
|
|2 ddc
|
| 952 |
|
|
|0 0
|1 0
|2 ddc
|4 0
|6 004_600000000000000_KEE
|7 0
|9 286210
|a LISK
|b LISK
|c BSC
|d 2021-01-17
|e 24
|f 0
|g 0.00
|l 0
|o 004.6 KEE
|p 9241008842
|r 2021-01-17 00:00:00
|t 1
|w 2021-01-17
|y BK15
|x 19991024 0 1
|x GrPaTEI
|
| 971 |
|
|
|a .b26526219
|b 01-10-20
|c 23-09-16
|
| 999 |
|
|
|c 166948
|d 166948
|